| 000 | 00586nam a2200205 i 4500 | ||
|---|---|---|---|
| 001 | 57324 | ||
| 003 | ES-MaACL | ||
| 005 | 20250818053256.0 | ||
| 007 | t| | ||
| 008 | 031015s1972 fr ||||1| spa d | ||
| 100 | 1 |
_aDomingo, Xavier. _945127 |
|
| 245 | 1 | 0 |
_aErótica hispánica / _cXavier Domingo. |
| 260 |
_a[París] : _bRuedo Ibérico, _c[1972] |
||
| 300 |
_a324 p. : _bil. ; _c21 cm. |
||
| 650 | 4 |
_aArte erótico- _zEspaña. _9171693 |
|
| 650 | 7 |
_aErotismo _2embne _9171042 |
|
| 710 | 2 |
_aÉditions Ruedo ibérico. _9145333 |
|
| 852 |
_aES-MaACL _jL-2849 |
||
| 999 |
_c57324 _d57324 |
||